| 000 | 02781nam a2200241Ia 4500 | ||
|---|---|---|---|
| 003 | Ost | ||
| 005 | 20260507075311.0 | ||
| 008 | 260507s9999||||xx |||||||||||||| ||und|| | ||
| 020 | _a9789957246624 | ||
| 040 | _cfsecg | ||
| 041 | _aara | ||
| 082 | _a657.45 | ||
| 100 |
_aجمعة، أحمد حلمي _eمؤلف |
||
| 245 | 0 |
_aالتدقيق الداخلي و الحكومي / _c أحمد حلمي جمعة |
|
| 260 |
_aعمان: _bدار صفاء للنشر والتوزيع, _c2011 |
||
| 300 |
_a376 صفحة؛ _bإيضاحات ؛ _c25 سم |
||
| 504 | _aببليوغرافيا: ص.375-376 | ||
| 520 | _aمقدمة-البحث الأول : التحكم المؤسسي وأبعاد التطور في إطار ممارسة مهنة التدقيق الداخلي : مقدمة البحث : التأصيل العلمي والعملي لمفهوم التحكم المؤسسي : اتجاهات التطور في إطار ممارسة مهنة التدقيق الداخلي-البحث الثاني : دور المدقق الداخلي في إدارة المخاطر في البنوك التجارية الأردنية دراسة ميدانية : الدراسات السابقة والخلفية النظرية : الدراسة الميدانية : الخلاصة والتوصيات-البحث الثالث : إدراك الإدارة العليا لتطور المعرفة في مهنة التدقيق الداخلي وتأثيره على دور المدقق الداخلي : دراسة تحليلية اختبارية في منظمات الأعمال الأردنية : الجهود الحالية للمهنة : واقع مهنة التدقيق في الأردن-البحث الرابع : العولمة : تأثيرمعايير التدقيق في قرار اعتماد المدقق الخارجي على عمل المدقق الداخلي (دراسة نقدية) : الملخص : مقدمة البحث : إسهامات البحث الأكاديمي المحاسبي-البحث الخامس : التدقيق الحكومي ومكافحة الفساد : مدخل مقترح لتطوير دور الوزارات والوحدات الحكومية وديوان المحاسبة في الدول العربية : التأصيل العلمي والعملي لمصطلح الفساد وعلاقته بمهنة المحاسبة : رؤية نقدية : الجهود الدولية لمكافحة الفساد وموقف مهنة التدقيق الحكومي منها : رؤية واقعية : مدخل مقترح لتطوير دور التدقيق الحكومي في مكافحة الفساد : رؤية للإصلاح | ||
| 653 | _aالإدارة- تدقيق | ||
| 653 | _aالبنوك التجارية- الأردن | ||
| 653 | _aمراجعة الحسابات | ||
| 942 | _cكتاب | ||
| 999 |
_c43872 _d43872 |
||